000 01345nam a2200373Ia 4500
001 dia_5652
003 CHAP
005 20240215125350.0
007 ta
008 220117s1998 mx ad f 001 0 spa d
040 _cCHAP
_amxchpua
090 _aT.C.257
_bV55 SAI
_c1998
245 1 0 _aEstudio del sistema agroindustrial porcino en la zona centro de Jalisco /
_ccoordinador Abraham Villegas de Gante ; colaborador José Luis Andrés García...[et al.]
260 _aMéxico :
_bEl autor,
_c1998
300 _a88 hojas :
_bilustraciones, tablas, gráficas
336 _2rdacontent
_atexto
_btxt
337 _2rdamedia
_asin medio
_bn
338 _2rdacarrier
_avolumen
_bnc
500 _aGrado : 6° año
502 _aViaje de Estudios
_b(SAI) --
_cUACh. Departamento de Ingeniería Agroindustrial,
_d1998
504 _aBibliografía : hoja 88
650 1 3 _aGanado Porcino
_945380
650 1 3 _aProductos cárnicos
_9147832
650 1 3 _aMonogastric livestock
_9153055
650 1 3 _aMeat products
_9147831
700 1 _aVillegas de Gante, Abraham Zacarias
_9185141
_ecoordinador
700 1 _aAndrés García, José Luis
_95719
_ecolaborador
901 _aT.C.257 V55 SAI 1998
902 _aM
905 _a5232271998 mx nm 8223123322spa16
942 _2local
942 _cVE
999 _c176668
_d176668